000 00390nam a22001577a 4500
003 MPLRDC
005 20220104124338.0
008 210129b ||||| |||| 00| 0 eng d
082 _a738.6262 XL c.2
100 _a不详
245 _a我要活下去
_c
260 _a
_b星报出版有限公司
_c1983
300 _b
650 _a东南亚--马来西亚
942 _cBK
_o738.6262 XL c.2
999 _c18600
_d18590